| 000 | 00897nam a2200265Ia 4500 | ||
|---|---|---|---|
| 003 | OSt | ||
| 005 | 20220927110415.0 | ||
| 006 | a|||||r|||| 00| 0 | ||
| 007 | ta | ||
| 008 | 220926b |||||||| |||| 00| 0 eng d | ||
| 024 | _a55404 | ||
| 037 | _cReports | ||
| 040 |
_aRTL _cRTL _beng |
||
| 041 |
_2eng _aeng |
||
| 082 | _a"X:9H1-75.2.N67t, K8/Gd" | ||
| 110 |
_a"India,. Planning (Commission),. Programme Evaluation Organisation" _9358477 |
||
| 245 | 0 | _aReport on evaluation of rural manpower projects | |
| 260 |
_aDelhi _bManager of Publication India _c1968 |
||
| 300 |
_a37p. _ccm. |
||
| 490 | _a"Programme Evaluation Organisation, Publication.58" | ||
| 650 | _aLabour Economics | ||
| 700 |
_a"India,. Planning (Commission),. Programme Evaluation Organisation" _9358479 |
||
| 942 |
_h"X:9H1-75.2.N67t, K8/Gd" _cCC |
||
| 999 |
_c696519 _d696519 |
||